| 000 | 01120nam a22002657a 4500 | ||
|---|---|---|---|
| 999 |
_c1110 _d1110 |
||
| 003 | AR-CdUCM | ||
| 008 | 190226b ||||| |||| 00| 0 spa d | ||
| 040 |
_aMUNICIPALIDAD PROVINCIAL DEL CUSCO _cBIBLIOTECA MUNICIPAL DEL CUSCO |
||
| 041 | _heng | ||
| 082 |
_a323.44 / _bSA24 |
||
| 100 |
_aSandifer, Durward V. _94342 |
||
| 245 |
_aFundamentos de la libertad : _brelaciones entre la Democracia y los derechos humanos / |
||
| 260 |
_aMéxico D. F. : _bUTEHA, _c1967. |
||
| 300 |
_a165, 11 páginas ; _c17 cm. |
||
| 440 |
_aManuales UTEHA. _nnúmero 346 _nsección 14 Ciencias Sociales _94343 |
||
| 505 | _aContenido: Una experiencia universal -- Conceptos fundamentales -- Definición de la democracia representativa y de los derechos humanos -- La relación entre democracia y derechos humanos -- La relación entre democracia ... | ||
| 650 |
_aDemocracia _92598 |
||
| 650 |
_aDerechos humanos _93264 |
||
| 650 |
_aPolítica _9291 |
||
| 700 |
_aScheman, L. Ronald (coautor) _94344 |
||
| 700 |
_aMora, Jose A. (prólogo) _94345 |
||
| 700 |
_aOrtuño, Manuel (traductor) _94346 |
||
| 942 |
_2ddc _cLIBROS |
||
| 945 | _aachl | ||